Văn học Việt Nam thế kỷ XX Q.1, T.XLI Tiểu thuyết 1975 - 2000

Đã lưu trong:
书目详细资料
其他作者: Nguyễn Cừ (sưu tầm, tuyển chọn), Nguyễn Anh Vũ (sưu tầm, tuyển chọn)
格式: 图书
语言:Vietnamese
出版: H. Văn học 2008
主题:
标签: 添加标签
没有标签, 成为第一个标记此记录!
Thư viện lưu trữ: Mạng thư viện Đại học Đà Nẵng
LEADER 00972nam a2200313 4500
001 000005830
003 1983
005 20110823090826.0
008 110823s2008 viesd
020 |c 0 
041 0 |a vie 
082 |a 895.9223  |b VAN 
245 1 0 |a Văn học Việt Nam thế kỷ XX  |c Nguyễn Cừ, Nguyễn Anh Vũ sưu tầm biên soạn  |n Q.1, T.XLI  |p Tiểu thuyết 1975 - 2000 
260 |a H.  |b Văn học  |c 2008 
300 |a 852 tr.  |b Chân dung  |c 24 cm 
653 |a Văn học Việt Nam 
653 |a Tiểu thuyết 1975 - 2000 
653 |a Nghiên cứu văn học 
700 |a Nguyễn Cừ  |e sưu tầm, tuyển chọn 
700 |a Nguyễn Anh Vũ  |e sưu tầm, tuyển chọn 
910 |a Thu Sương  |d 19/8/2011 
OWN |a LSP 
999 |a From the UDN01 
TYP |a Monograph 
TYP |a Printed language 
980 |a Mạng thư viện Đại học Đà Nẵng